Thank You - Dido lyrics quiz - Statistics

General Stats
  • This quiz has been taken 38 times
  • The average score is 26 of 36
Answer Stats
Thank You - Dido % Correct
And I can't {see} at all
100%
My tea's gone {cold}
100%
And it's not so {bad}
97%
But your {picture} on my wall
97%
Clouds up my {window}
97%
I got out of {bed} at all
97%
I'm {wondering} why
97%
It's not so {bad}
97%
It's not so {bad}
97%
It's not so {bad}
97%
It {reminds} me that
94%
I {drank} too much last night
88%
I'm late for {work} again
88%
Got {bills} to pay
85%
It'd all be {grey}
82%
And even if I {could},
79%
The morning {rain}
79%
And I want to {thank} you
76%
For {giving} me the best day of my life
74%
My head just feels in {pain}
71%
And all I see is {you}
59%
And then you {call} me
59%
And there'll be {hell} today
59%
I missed the {bus}
59%
That I might not {last} the day
59%
Oh, {just} to be with you
56%
Push the {door}
53%
I wouldn't have a {clue}
50%
And even if I'm {there}
44%
Because you're {near} me
44%
I'm {home} at last
44%
And even if my {house} falls down now
41%
They'll all {imply}
41%
And I'm {soaking} through and through
38%
Then you handed me a {towel}
35%
Is {having} the best day of my life
32%
No matching quizzes found
Score Distribution
Percent of People with Each Score
Percentile by Number Answered
Your Score History
You have not taken this quiz